Landkreise mit Kreissitz und Kfz-Kennzeichen Mecklenburg-Vorpommern - Statistiken

Allgemein
  • Dieses Quiz wurde 17 mal gespielt
  • Das Durchschnittsergebnis liegt bei 10 aus 31
Antwortstatistiken
Antworten % Korrekt
HRO
93%
NB
64%
HWI
57%
Neubrandenburg
57%
HGW
50%
HST
50%
SN
50%
Güstrow
43%
kreisfreie Stadt Rostock
36%
kreisfreie Stadt Schwerin
36%
Landkreis Mecklenburgische Seenplatte
36%
Landkreis Nordwestmecklenburg
36%
MSE, AT, DM, MC, MST, MÜR, NZ, RM, WRN
36%
NWM, GDB, GVM, WIS
36%
Parchim
36%
VR, GMN, NVP, RDG, RÜG
36%
Hansestadt Greifswald
29%
Hansestadt Wismar
29%
Landkreis Ludwigslust-Parchim
29%
Landkreis Rostock
29%
Landkreis Vorpommern-Rügen
29%
LRO, BÜZ, DBR, GÜ, ROS, TET
29%
LUP, HGN, LBZ, LWL, PCH, STB
29%
VG, ANK, GW, PW, SBG, UEM, WLG
29%
Hansestadt Stralsund
21%
Landkreis Vorpommern-Greifswald
21%
OVP, UER
0%
Sonderstatusstadt Greifswald
0%
Sonderstatusstadt Neubrandenburg
0%
Sonderstatusstadt Stralsund
0%
Sonderstatusstadt Wismar
0%
Keine übereinstimmenden Quizze gefunden
Verteilung der Resultate
Anzahl Personen mit jedem Resultat
Perzentil nach korrekt beantworteten Fragen
Ihre Resultats-Entwicklung
Sie haben dieses Quiz noch nicht gespielt